000 00772nam a22002177a 4500
008 160712b xxu||||| |||| 00| 0 eng d
020 _a9789715350303
082 _22007
_aDFil 364.132309599
_bM66
245 _aMinimizing corruption:
_bPhilippine democracy assessment/
260 _aPasig City:
_bFriedrich-Ebert-Stiftung,
_cc2007.
300 _avii, 199 pages:
_billustrations;
_c23 cm.
500 _aIncludes references and index.
650 0 _911213
_aCorruption
_zPhilippines
650 0 _911214
_aPolitical corruption
_zPhilippines
650 0 _911215
_aMisconduct in office
_zPhilippines
700 _911217
_aCo, Edna E.A.
700 _911218
_aLim, Millard O.
700 _911219
_aJayme-Lao, Maria Elissa
700 _911220
_aJuan, Lilibeth J.
942 _2ddc
_cDFIL
999 _c3365
_d3365